| 000 | 00530nam a2200205Ia 4500 | ||
|---|---|---|---|
| 003 | OSt | ||
| 005 | 20230530162643.0 | ||
| 008 | 210423s1996 xx 000 0 und d | ||
| 040 | _cAL | ||
| 041 | _aeng | ||
| 082 |
_a307.14 _223 _bSRIJ |
||
| 100 |
_aSIDHARAM (K V) _9117384 |
||
| 245 | _aJoyfull training and learning | ||
| 260 |
_aOrissa _bAnugraha Publications _c1996 |
||
| 300 |
_av,26 _bPB |
||
| 650 |
_aCommunities _9117385 |
||
| 650 |
_aSociology _9117386 |
||
| 906 | _aJoyfull ; learning ; training | ||
| 942 |
_2ddc _cBK |
||
| 999 |
_c174556 _d174556 |
||